000 01010nam a2200277Ia 4500
003 OSt
005 20221005110645.0
006 a|||||r|||| 00| 0
007 ta
008 221004b |||||||| |||| 00| 0 hin d
020 _a8126708484 (hbk)
_cIndian Rupees 250
024 _a41117
037 _bGift, 10/01/2019,
_cTextual
040 _aCRL
_cCRL
_bhin
041 _2hin
_ahin
082 _aO152,2:g(NT), P4
100 _aअंकुर, देवेन्द्र राज, ले.
_9160432
245 0 _aअन्तरंग बहिरंग
246 _aAntaranga bahiranga
260 _aनई दिल्ली
_bराजकमल प्रकाशन भारत
_c2004
300 _a234पृ0
_ccm.
650 _a हिन्दी नाटक
650 _aहिन्दी साहित्य
942 _hO152,2:g(NT), P4
_cTEXL
_2cc
999 _c1019495
_d1019495